00510nam a2200181 a 450000100060000000300090000600800410001504000280005608200170008410000260010124500610012725000060018826000300019430000160022449000480024065000270028865000130031512446CO-ViMGA141112s2004 ck r 000 u spa d aCO-ViMGAbspacCO-ViMGA04a796.325 M17v1 aMarsenach, Jacqueline10aEl Niño y la actividad fisica y deportiva : bVoleibol a1 aMadrid : bGymnos, c1991 a108p. : il. aEl niño y la actividad fisica y deportiva14aESTRATEGIAS Y TECNICAS14aVOLEIBOL